| 000 | 01240nam a22002775a 4500 | ||
|---|---|---|---|
| 003 | OSt | ||
| 005 | 20170412113051.0 | ||
| 008 | 170410s2010 ua frb 000 0 ara d | ||
| 015 | _a2010 / 14969 | ||
| 020 | _a9771792660 | ||
| 040 |
_aEG-ScBUE _bara _cEG-ScBUE |
||
| 043 |
_af-ua--- _ae-fr--- |
||
| 082 | 0 | 4 |
_a344.0463 _bهـ ل ا _222 |
| 100 | 1 | _aهلال، مصطفى صلاح الدين عبد السميع. | |
| 245 | 1 | 2 |
_aالمسئولية الإدارية للدولة عن التلوث الضوضائي : _bدراسة تحليلية مقارنة بين القانون المصري والقانون الفرنسي / _cمصطفى صلاح الدين عبد السميع هلال. |
| 260 |
_aالقاهرة : _bدار النهضة العربية، _c2010. |
||
| 300 |
_a467 ص. ؛ _c24 سم. |
||
| 504 | _aيشتمل على إرجاعات ببليوجرافية. | ||
| 650 | 7 |
_aالضوضاء _xقوانين وتشريعات _zمصر. _2BUEsh |
|
| 650 | 7 |
_aالضوضاء _xقوانين وتشريعات _zفرنسا. _2BUEsh |
|
| 650 | 7 |
_aالمسئولية الإدارية _zمصر. _2BUEsh |
|
| 650 | 7 |
_aالمسئولية الإدارية _zفرنسا _2BUEsh |
|
| 651 | _2BUEsh | ||
| 653 |
_bLLAAWW _cApril2017 |
||
| 942 | _2ddc | ||
| 999 |
_c24655 _d24627 |
||